000 00450nam a2200193Ia 4500
005 20251020182526.0
008 200515s9999 xx 000 0 und d
082 _a691.865/A81
100 _aASENCIO CERVER, Francisco
245 0 _aArquitectura en cristal
260 _aBarcelona
260 _c1997
500 _a1 ejemplar
650 _aARQUITECTURA
650 _aCENTROS COMERCIALES
650 _aCRISTALES
650 _aLIB
942 _cLIB
999 _c1911
_d1911